Statistics for Random Bones on the Human Body

Click here to take the quiz!

General Stats

  • This quiz has been taken 309 times
  • The average score is 5 of 6

Answers on the Map

Answers color-coded by a green-red scale on the quiz's map according to % correct below.
 

Answer Stats

Bone Name% Correct
Cranium
89%
Femur
88%
Humerus
84%
Patella
82%
Ribs
57%
Pelvis
55%

Score Distribution

Percentile by Number Answered

Percent of People with Each Score

Your Score History

You have not taken this quiz